| 000 | 00500nam a22001697a 4500 | ||
|---|---|---|---|
| 003 | BD-DhUL | ||
| 005 | 20180924121709.0 | ||
| 008 | 180924s1945 pk ||||| |||| 00| 0 urd d | ||
| 040 |
_aBD-DhUL _cBD-DhUL |
||
| 082 |
_a891.438 _bABA |
||
| 100 | 0 | _aابو الکلام آزاد | |
| 245 | 1 |
_aافکار آزاد / _cابو الکلام آزاد |
|
| 260 |
_aلاهور : _bمکتبۂ آزاد، _c۔۱۹۴۵ |
||
| 300 |
_aص۔ ۱۹۵ ؛ _c۱۷ سم۔ |
||
| 650 | 4 | _aUrdu literature | |
| 942 |
_2ddc _cBK |
||
| 999 |
_c243649 _d243649 |
||